<?xml version="1.0" encoding="UTF-8"?>
<record
    xmlns:xsi="http://www.w3.org/2001/XMLSchema-instance"
    xsi:schemaLocation="http://www.loc.gov/MARC21/slim http://www.loc.gov/standards/marcxml/schema/MARC21slim.xsd"
    xmlns="http://www.loc.gov/MARC21/slim">

  <leader>02824naa a2200265 i 4500</leader>
  <controlfield tag="001">232602</controlfield>
  <controlfield tag="003">ES-MaBCM</controlfield>
  <controlfield tag="005">20260305082041.0</controlfield>
  <controlfield tag="008">260305s2025    sp ad||| |||| 00| 0 spa d</controlfield>
  <datafield tag="040" ind1=" " ind2=" ">
    <subfield code="c">ES-MaBCM</subfield>
  </datafield>
  <datafield tag="245" ind1="0" ind2="3">
    <subfield code="a">El efecto del sexo de los l&#xED;deres pol&#xED;ticos y de la afinidad de g&#xE9;nero en las elecciones auton&#xF3;micas</subfield>
    <subfield code="c">Carmen Ortega, Jos&#xE9; Manuel Trujillo, Francisco Javier Alarc&#xF3;n Gonz&#xE1;lez, Pablo O&#xF1;ate</subfield>
  </datafield>
  <datafield tag="504" ind1=" " ind2=" ">
    <subfield code="a">Bibliograf&#xED;a: p. 121-126</subfield>
  </datafield>
  <datafield tag="520" ind1=" " ind2=" ">
    <subfield code="a">En las &#xFA;ltimas d&#xE9;cadas, un n&#xFA;mero creciente de estudios han abordado el impacto del liderazgo pol&#xED;tico sobre el comportamiento electoral en los sistemas parlamentarios, destacando su papel como factor determinante de la decisi&#xF3;n de voto. Sin embargo, el inter&#xE9;s acad&#xE9;mico por el liderazgo femenino y sus efectos ha sido limitado, en parte debido al escaso n&#xFA;mero de mujeres candidatas a la presidencia de los ejecutivos nacionales. Del mismo modo, son escasos los estudios comparados que han explorado el efecto de la afinidad de g&#xE9;nero, es decir, si las mujeres tienen mayor predisposici&#xF3;n a votar a partidos liderados por mujeres que los hombres, controlando otros condicionantes del voto. En este contexto, este trabajo analiza el efecto del sexo de los/as l&#xED;deres pol&#xED;ticos/as y de la afinidad de g&#xE9;nero en las elecciones auton&#xF3;micas celebradas en Espa&#xF1;a entre el a&#xF1;o 2022 y 2024. Estas suponen un marco de estudio propicio para desarrollar esta l&#xED;nea de investigaci&#xF3;n, tanto por la similitud de sus caracter&#xED;sticas institucionales como por la diversidad de situaciones pol&#xED;ticas que integran. Con esta finalidad, se han utilizado los estudios preelectorales del Centro de Investigaciones Sociol&#xF3;gicas, completando la informaci&#xF3;n con las caracter&#xED;sticas de los/as l&#xED;deres, de los partidos y del contexto pol&#xED;tico. A partir de estrategias de an&#xE1;lisis cuantitativas, los resultados muestran que las l&#xED;deres son mejor valoradas por el electorado que los l&#xED;deres de partido. Esta mejor valoraci&#xF3;n de las l&#xED;deres es tambi&#xE9;n m&#xE1;s pronunciada entre las mujeres que entre los hombres. Por el contrario, ni el sexo de los/as l&#xED;deres ni la afinidad de g&#xE9;nero ejercen un efecto significativo sobre la decisi&#xF3;n de voto en las convocatorias auton&#xF3;micas analizadas.</subfield>
  </datafield>
  <datafield tag="650" ind1=" " ind2="7">
    <subfield code="a">Liderazgo</subfield>
    <subfield code="9">59272</subfield>
  </datafield>
  <datafield tag="650" ind1=" " ind2="0">
    <subfield code="a">Intenci&#xF3;n de voto</subfield>
    <subfield code="9">126191</subfield>
  </datafield>
  <datafield tag="650" ind1=" " ind2="0">
    <subfield code="a">Integraci&#xF3;n de la perspectiva de g&#xE9;nero</subfield>
    <subfield code="9">129233</subfield>
  </datafield>
  <datafield tag="650" ind1=" " ind2="7">
    <subfield code="a">Elecciones regionales</subfield>
    <subfield code="9">58506</subfield>
  </datafield>
  <datafield tag="651" ind1=" " ind2="4">
    <subfield code="a">Espa&#xF1;a</subfield>
    <subfield code="9">115342</subfield>
  </datafield>
  <datafield tag="700" ind1="1" ind2=" ">
    <subfield code="a">Ortega Villodres, Carmen</subfield>
    <subfield code="9">61128</subfield>
  </datafield>
  <datafield tag="700" ind1="1" ind2=" ">
    <subfield code="a">Trujillo Cerezo, Jos&#xE9; Manuel</subfield>
    <subfield code="9">94172</subfield>
  </datafield>
  <datafield tag="700" ind1="1" ind2=" ">
    <subfield code="a">Alarc&#xF3;n Gonz&#xE1;lez, Francisco Javier</subfield>
    <subfield code="9">125219</subfield>
  </datafield>
  <datafield tag="700" ind1="1" ind2=" ">
    <subfield code="a">O&#xF1;ate, Pablo</subfield>
    <subfield code="9">34356</subfield>
  </datafield>
  <datafield tag="773" ind1=" " ind2=" ">
    <subfield code="d">Madrid</subfield>
    <subfield code="g">N. 69 (nov. 2025), p. 97&#x2013;136- Loc. S.506 </subfield>
    <subfield code="t">Revista espa&#xF1;ola de ciencia pol&#xED;tica </subfield>
    <subfield code="w">140329</subfield>
  </datafield>
  <datafield tag="942" ind1=" " ind2=" ">
    <subfield code="2">udc</subfield>
    <subfield code="c">AREV</subfield>
  </datafield>
  <datafield tag="999" ind1=" " ind2=" ">
    <subfield code="c">232602</subfield>
    <subfield code="d">232602</subfield>
  </datafield>
  <datafield tag="952" ind1=" " ind2=" ">
    <subfield code="0">0</subfield>
    <subfield code="1">0</subfield>
    <subfield code="2">udc</subfield>
    <subfield code="4">0</subfield>
    <subfield code="7">0</subfield>
    <subfield code="a">BC</subfield>
    <subfield code="b">BC</subfield>
    <subfield code="c">SALA</subfield>
    <subfield code="d">2026-03-05</subfield>
    <subfield code="e">D</subfield>
    <subfield code="l">0</subfield>
    <subfield code="r">2026-03-05 08:20:35</subfield>
    <subfield code="w">2026-03-05</subfield>
    <subfield code="y">AREV</subfield>
  </datafield>
</record>
